| 000 | 00561nam a2200181Ia 4500 | ||
|---|---|---|---|
| 999 |
_c20309 _d20309 |
||
| 082 | _a954.02 PAN-; | ||
| 100 | _aPanchamukhi, A.R. | ||
| 245 | 0 | _aSocio-economic ideas in ancient Indian literature | |
| 260 |
_aNew Delhi _bRashtriya Sanskrit Sansthan _c1998 |
||
| 300 | _aviii, 550p. | ||
| 440 | _aGolden jubilee of India's independence series; 19 | ||
| 650 | _aLiterature and history - India | ||
| 650 | _aLiterature and society - India | ||
| 650 | _aIndia - History | ||
| 650 | _aLiterature, Ancient | ||
| 650 | _aIndic literature - India | ||
| 942 | _cBK | ||